Stations de Métro de Paris - Ligne 8 - Statistiques

Statistiques générales
  • Ce quiz a été pris 429 fois
  • Le résultat moyen est 23 sur 38
Statistiques - réponses
Stations ligne 8 % Correct
Balard
91%
République
78%
Opéra
75%
Créteil - Préfecture
72%
Créteil - Pointe du Lac
71%
Bastille
70%
Créteil - Université
70%
Filles du Calvaire
69%
Ecole Militaire
68%
Ecole Vétérinaire de Maisons-Alfort
68%
Porte Dorée
68%
Invalides
67%
Porte de Charenton
66%
Strasbourg-Saint-Denis
66%
Grands Boulevards
64%
Bonne Nouvelle
63%
Daumesnil
62%
Madeleine
61%
Reuilly-Diderot
58%
Créteil - L'Echat
57%
La Motte Picquet-Grenelle
57%
Lourmel
57%
Félix Faure
56%
Liberté
56%
Boucicaut
55%
Commerce
55%
Maisons-Alfort - Stade
55%
Chemin Vert
54%
Ledru-Rollin
53%
Charenton - Ecoles
52%
Michel Bizot
52%
Montgallet
48%
La Tour Maubourg
47%
Richelieu-Drouot
44%
Faidherbe-Chaligny
43%
Saint-Sébastien Froissart
42%
Maisons-Alfort - Les Juilliottes
37%
Concordes
26%
Aucun quiz correspondant
Distribution des résultats
% des personnes avec chaque résultat
Percentile par nombre de réponses
Votre historique - résultats
Vous n’avez pas pris ce quiz